[Event "Montcalm V 2015-16"]
[Site "Quebec CAN"]
[Date "2016.02.25"]
[Round "2"]
[White "Sarra-Bournet, Marc"]
[Black "Lessard, Claude"]
[Result "0-1"]
[WhiteElo "1898"]
[BlackElo "1997"]
[PlyCount "100"]
[EventDate "2016.02.18"]
[EventType "swiss"]
[EventRounds "5"]
[EventCountry "CAN"]

1. e4 c5 2. Nc3 Nc6 3. f4 g6 4. Nf3 Bg7 5. Bc4 e6 6. f5 gxf5 7. d3 Nge7 8. O-O
a6 9. Ng5 b5 10. Qh5 Ne5 11. exf5 bxc4 12. fxe6 dxe6 13. Nxf7 Qd4+ 14. Kh1 O-O
15. Bg5 Rxf7 16. Rxf7 Nxf7 17. Bxe7 Bb7 18. Rf1 Nh6 19. Bxc5 Qg4 20. Qxg4 Nxg4
21. Rf4 Rc8 22. Rxg4 Rxc5 23. d4 Rf5 24. Kg1 Kf7 25. Ne2 Bh6 26. Rg3 Be4 27.
Rc3 Bd2 28. Ng3 Bxc3 29. Nxf5 Bxf5 30. bxc3 Bxc2 31. Kf2 Kf6 32. Kf3 a5 33. a3
Kf5 34. g4+ Kg5 35. Kg3 a4 36. h4+ Kg6 37. Kf4 Bd1 38. Kg3 h6 39. Kf4 Kf6 40.
g5+ hxg5+ 41. hxg5+ Kg6 42. Ke5 Kxg5 43. Kxe6 Kf4 44. Kd5 Be2 45. Kc5 Ke3 46.
d5 Kd3 47. Kb4 Bf3 48. d6 Bc6 49. Kc5 Bd7 50. Kb4 Be8 0-1

[Event "Montcalm V 2015-16"]
[Site "Quebec CAN"]
[Date "2016.02.25"]
[Round "2"]
[White "Tremblay, Rejean"]
[Black "Bahadi, Khalid"]
[Result "1-0"]
[WhiteElo "2171"]
[BlackElo "1900"]
[PlyCount "51"]
[EventDate "2016.02.18"]
[EventType "swiss"]
[EventRounds "5"]
[EventCountry "CAN"]

1. d4 Nf6 2. c4 g6 3. Nf3 Bg7 4. Nc3 O-O 5. Bf4 d6 6. h3 Nh5 7. Bh2 c5 8. Qd2
cxd4 9. Nxd4 Nc6 10. e3 Nxd4 11. exd4 e5 12. O-O-O Qa5 13. Kb1 Bf5+ 14. Ka1
exd4 15. Nb5 Qxd2 16. Rxd2 Rfe8 17. Bd3 Bxd3 18. Rxd3 Re2 19. g4 Nf6 20. Nxd6
Rxf2 21. Be5 Re2 22. Bxd4 b6 23. Rdd1 Rd8 24. Nb5 Rd7 25. Bc3 a6 26. Nd4 1-0

[Event "Montcalm V 2015-16"]
[Site "Quebec CAN"]
[Date "2016.03.03"]
[Round "3"]
[White "Bahadi, Khalid"]
[Black "Cournoyer, Dominic"]
[Result "1-0"]
[WhiteElo "1900"]
[BlackElo "2026"]
[PlyCount "67"]
[EventDate "2016.02.18"]
[EventType "swiss"]
[EventRounds "5"]
[EventCountry "CAN"]

1. e4 d5 2. exd5 Nf6 3. c4 c6 4. dxc6 Nxc6 5. Nf3 e5 6. d3 Bc5 7. Be2 e4 8. Ng5
exd3 9. Bxd3 Ne5 10. Qa4+ Bd7 11. Qc2 h6 12. Ne4 Nxd3+ 13. Qxd3 Qe7 14. Nbc3
O-O-O 15. O-O Be6 16. Qf3 Bd4 17. Nxf6 Qxf6 18. Qxf6 Bxf6 19. Ne4 Bxc4 20. Re1
Bd5 21. Nxf6 gxf6 22. Bf4 Rd7 23. Rac1+ Kd8 24. Be3 b6 25. Bd4 Rd6 26. Red1 Rg8
27. Bxf6+ Kd7 28. Be5 Rxg2+ 29. Kf1 Rdg6 30. Bg3 R2xg3 31. hxg3 Ke6 32. b3 Bf3
33. Rd3 Rf6 34. Re1+ 1-0

[Event "Montcalm V 2015-16"]
[Site "Quebec CAN"]
[Date "2016.03.03"]
[Round "3"]
[White "Beaudoin, Stephane"]
[Black "Sarra-Bournet, Marc"]
[Result "0-1"]
[WhiteElo "2158"]
[BlackElo "1898"]
[PlyCount "82"]
[EventDate "2016.02.18"]
[EventType "swiss"]
[EventRounds "5"]
[EventCountry "CAN"]

1. e4 e5 2. Bc4 Nf6 3. d3 Bc5 4. Nf3 d6 5. O-O O-O 6. c3 c6 7. Bb3 h6 8. Nbd2
Bg4 9. Nc4 b5 10. Ne3 Bh5 11. Nf5 Nbd7 12. Ng3 Bg6 13. Nh4 Bh7 14. Nhf5 d5 15.
Qf3 dxe4 16. dxe4 a5 17. Rd1 a4 18. Bc2 Qc7 19. Bxh6 gxh6 20. Nxh6+ Kh8 21.
Ngf5 Bg6 22. g4 Nh7 23. Qh3 Ndf6 24. Ng3 Qb6 25. Rf1 Rad8 26. g5 Ng8 27. Rad1
Rxd1 28. Bxd1 Rd8 29. Bg4 Nxh6 30. Qxh6 Bf8 31. Qh4 Be7 32. Bf5 Bxg5 33. Qh3
Rd2 34. Nh5 c5 35. f4 c4+ 36. Kh1 exf4 37. Rg1 Qe3 38. Qg4 Bxf5 39. exf5 Qe4+
40. Rg2 Rf2 41. f6 Rf1# 0-1

[Event "Montcalm V 2015-16"]
[Site "Quebec CAN"]
[Date "2016.03.03"]
[Round "3"]
[White "Betancourt, Juan-Mauricio"]
[Black "Fecteau, Martin"]
[Result "1-0"]
[WhiteElo "2038"]
[BlackElo "1915"]
[PlyCount "103"]
[EventDate "2016.02.18"]
[EventType "swiss"]
[EventRounds "5"]
[EventCountry "CAN"]

1. e4 c5 2. Nf3 d6 3. d4 cxd4 4. Nxd4 Nf6 5. Nc3 a6 6. Bg5 Nbd7 7. Qd2 e6 8. f4
Qc7 9. O-O-O b5 10. Bxf6 gxf6 11. f5 Ne5 12. fxe6 fxe6 13. Be2 h5 14. Kb1 Bd7
15. Rdf1 Be7 16. Qe3 Qc5 17. Qg1 Nc6 18. Nxc6 Qxg1 19. Rhxg1 Bxc6 20. Bd3 Kd7
21. Rf3 Rag8 22. Ne2 f5 23. exf5 Bxf3 24. fxe6+ Kxe6 25. Nd4+ Kd7 26. Nxf3 h4
27. Nd4 d5 28. Bf5+ Kc7 29. Bh3 Bc5 30. Ne6+ Kd6 31. Rd1 Rg6 32. Nf4 Rg5 33.
Re1 Rh6 34. Nd3 Bb6 35. a3 Rf6 36. Re8 Kc7 37. Nb4 a5 38. Re7+ Kd6 39. Rd7+ Kc5
40. Nd3+ Kd4 41. Rh7 Ke3 42. Rxh4 Rf1+ 43. Ka2 Kd2 44. g3 Rg1 45. Rh6 Bd4 46.
Rc6 Rh5 47. Nf4 Re5 48. Nd3 Re2 49. Be6 Rxh2 50. Bxd5 Rxg3 51. Nc5 Rg1 52. Nb3+
1-0

[Event "Montcalm V 2015-16"]
[Site "Quebec CAN"]
[Date "2016.03.03"]
[Round "3"]
[White "Cummins, Paul"]
[Black "Dube, Daniel"]
[Result "1-0"]
[WhiteElo "1805"]
[BlackElo "1942"]
[PlyCount "85"]
[EventDate "2016.02.18"]
[EventType "swiss"]
[EventRounds "5"]
[EventCountry "CAN"]

1. Nf3 d6 2. e3 g6 3. d4 Bg7 4. Bd3 Nf6 5. Nbd2 O-O 6. O-O Nc6 7. c3 e5 8. e4
exd4 9. cxd4 Nd7 10. d5 Nce5 11. Bc2 b6 12. Nb3 Nxf3+ 13. Qxf3 Ne5 14. Qd1 a5
15. Nd4 Ba6 16. Re1 Qh4 17. Nf3 Nxf3+ 18. Qxf3 Be5 19. g3 Qf6 20. Qxf6 Bxf6 21.
Rb1 Rfe8 22. Be3 Re7 23. f3 Rae8 24. Kf2 b5 25. Bd3 a4 26. a3 Rb8 27. b3 Ra8
28. bxa4 bxa4 29. Bxa6 Rxa6 30. Rec1 Kg7 31. Rc4 c5 32. dxc6 Rc7 33. Rb6 Ra8
34. Rb7 Rac8 35. Rxc7 Rxc7 36. Bb6 Rc8 37. c7 Be5 38. f4 d5 39. exd5 Bd6 40.
Rc6 Bxa3 41. d6 Bxd6 42. Rxd6 a3 43. Rd8 1-0

[Event "Montcalm V 2015-16"]
[Site "Quebec CAN"]
[Date "2016.03.03"]
[Round "3"]
[White "Lessard, Claude"]
[Black "Auger, Bertrand"]
[Result "1-0"]
[WhiteElo "1997"]
[BlackElo "1921"]
[PlyCount "123"]
[EventDate "2016.02.18"]
[EventType "swiss"]
[EventRounds "5"]
[EventCountry "CAN"]

1. d4 Nf6 2. Bf4 e6 3. Nf3 b6 4. Nbd2 Bb7 5. e3 c5 6. c3 Be7 7. Bd3 O-O 8. Qe2
Nc6 9. h3 Re8 10. O-O d6 11. dxc5 bxc5 12. Rfd1 e5 13. Bg5 d5 14. Bb5 e4 15.
Nh2 Qb6 16. Rab1 Red8 17. Bxc6 Qxc6 18. Nb3 a5 19. Re1 a4 20. Nd2 Re8 21. Ng4
Nd7 22. Bf4 f5 23. Ne5 Nxe5 24. Bxe5 Bd8 25. Bh2 Bf6 26. Rbc1 Ba6 27. Qd1 Bd3
28. g4 g6 29. gxf5 gxf5 30. Qh5 Qe6 31. Kh1 Kh8 32. Bf4 Be5 33. Qh4 Rg8 34. Rg1
Bxf4 35. Qxf4 Rxg1+ 36. Rxg1 Rg8 37. Rxg8+ Kxg8 38. Kh2 Kf7 39. b3 a3 40. b4
cxb4 41. cxb4 d4 42. Nb3 Bc4 43. Nxd4 Qd5 44. Nxf5 Ke6 45. Nd4+ Kd7 46. Qg4+
Ke8 47. Qc8+ Kf7 48. Qc7+ Kg8 49. Qb8+ Kf7 50. Qa7+ Kg8 51. Qxa3 Qd6+ 52. Kg1
Bd5 53. Qc3 Qd7 54. Kg2 Qg7+ 55. Kh2 Qe5+ 56. Kh1 Qh5 57. Qc8+ Kg7 58. Qg4+
Qxg4 59. hxg4 Bxa2 60. Kg2 Kf6 61. Kg3 Ke5 62. g5 1-0

[Event "Montcalm V 2015-16"]
[Site "Quebec CAN"]
[Date "2016.03.03"]
[Round "3"]
[White "Ripoll, Arthur"]
[Black "Plante, Rejean"]
[Result "0-1"]
[WhiteElo "1652"]
[BlackElo "2134"]
[PlyCount "123"]
[EventDate "2016.02.18"]
[EventType "swiss"]
[EventRounds "5"]
[EventCountry "CAN"]

1. e4 c5 2. Nf3 d6 3. d4 cxd4 4. Nxd4 Nf6 5. Nc3 a6 6. f3 e5 7. Nb3 Be6 8. Be3
Nbd7 9. Qd2 b5 10. g4 Nb6 11. g5 Nfd7 12. Na5 Qc7 13. Nd5 Bxd5 14. exd5 Rc8 15.
O-O-O Nxd5 16. Bf2 Nb4 17. Nc4 Nxa2+ 18. Kb1 bxc4 19. Kxa2 c3 20. Qxc3 Qxc3 21.
bxc3 Rxc3 22. Bd3 Be7 23. Be1 Rc6 24. Be4 Rc8 25. Bf5 g6 26. Be4 O-O 27. h4 Nc5
28. Bd5 Rb8 29. Bg3 Na4 30. Rd3 Rfc8 31. c4 Nb6 32. Rb3 Nxd5 33. cxd5 Rc2+ 34.
Ka3 Rxb3+ 35. Kxb3 Rd2 36. Rc1 Rxd5 37. Rc7 Rd3+ 38. Kc4 Rxf3 39. Bxe5 dxe5 40.
Rxe7 Rf4+ 41. Kd5 Rxh4 42. Kxe5 Kg7 43. Ra7 Ra4 44. Rb7 Ra5+ 45. Kf4 Rf5+ 46.
Kg4 h6 47. gxh6+ Kxh6 48. Ra7 a5 49. Ra8 Rb5 50. Rh8+ Kg7 51. Ra8 Rb4+ 52. Kg3
a4 53. Ra6 f5 54. Kf3 Kh6 55. Kg3 Kg5 56. Ra5 Rb3+ 57. Kg2 a3 58. Ra4 f4 59.
Kf2 Kg4 60. Kg2 Rb2+ 61. Kf1 a2 62. Rxf4+ 0-1

[Event "Montcalm V 2015-16"]
[Site "Quebec CAN"]
[Date "2016.03.10"]
[Round "4"]
[White "Auger, Bertrand"]
[Black "Betancourt, Juan-Mauricio"]
[Result "1-0"]
[WhiteElo "1921"]
[BlackElo "2038"]
[PlyCount "69"]
[EventDate "2016.02.18"]
[EventType "swiss"]
[EventRounds "5"]
[EventCountry "CAN"]

1. Nf3 Nf6 2. g3 d6 3. Bg2 g6 4. b4 Bg7 5. Bb2 c5 6. bxc5 dxc5 7. c4 O-O 8. O-O
Nc6 9. d3 Bg4 10. Nbd2 Qd7 11. Re1 Rad8 12. Rb1 Qc7 13. Qb3 b6 14. Bc3 e5 15.
h3 Bf5 16. Qb2 Rfe8 17. Rbd1 Nd4 18. Nh2 Nd7 19. Ndf1 Bh6 20. e3 Nc6 21. f4
exf4 22. gxf4 Nf8 23. Ng4 Bxg4 24. hxg4 Ne6 25. Ng3 Bg7 26. Ne4 f5 27. Nf6+
Bxf6 28. Bxf6 Rd7 29. gxf5 gxf5 30. Bd5 Kf7 31. Bg5 Rxd5 32. Qf6+ Kg8 33. cxd5
Nxg5 34. Qxg5+ Kh8 35. Qf6+ 1-0

[Event "Montcalm V 2015-16"]
[Site "Quebec CAN"]
[Date "2016.03.10"]
[Round "4"]
[White "Dube, Daniel"]
[Black "Stoyanova, Stela"]
[Result "1-0"]
[WhiteElo "1942"]
[BlackElo "1453"]
[PlyCount "42"]
[EventDate "2016.02.18"]
[EventType "swiss"]
[EventRounds "5"]
[EventCountry "CAN"]

1. e4 c5 2. Nf3 Nc6 3. d4 cxd4 4. Nxd4 g6 5. Nc3 Bg7 6. Be3 a6 7. Bc4 e6 8. O-O
d6 9. f4 Qf6 10. Nxc6 bxc6 11. Qxd6 e5 12. fxe5 Qxd6 13. Bxf7+ Ke7 14. exd6+
Kxd6 15. Rad1+ Kc7 16. Bf4+ Kb7 17. Na4 Bg4 18. Rd3 Rf8 19. Rb3+ Kc8 20. Nb6+
Kd8 21. Rd3+ Ke7 1-0

[Event "Montcalm V 2015-16"]
[Site "Quebec CAN"]
[Date "2016.03.10"]
[Round "4"]
[White "Fecteau, Martin"]
[Black "Bahadi, Khalid"]
[Result "1-0"]
[WhiteElo "1915"]
[BlackElo "1900"]
[PlyCount "84"]
[EventDate "2016.02.18"]
[EventType "swiss"]
[EventRounds "5"]
[EventCountry "CAN"]

1. Nf3 g6 2. c4 c5 3. Nc3 Nf6 4. g3 Bg7 5. Bg2 Nc6 6. O-O O-O 7. d3 d6 8. a3
Nd7 9. Rb1 Rb8 10. Bd2 a6 11. b4 Nd4 12. Nxd4 cxd4 13. Na2 b5 14. cxb5 axb5 15.
Nc1 Nb6 16. Nb3 Na4 17. Na5 Rb6 18. Rc1 Nc3 19. Bxc3 dxc3 20. d4 Qc7 21. Qd3
Bf5 22. e4 Be6 23. Rxc3 Qa7 24. Rfc1 Bc4 25. Nxc4 bxc4 26. Rxc4 Ra6 27. R1c3 e6
28. b5 Ra5 29. Rb4 Rb8 30. Bf1 h5 31. h4 g5 32. hxg5 Qe7 33. Qe3 d5 34. Rbb3
dxe4 35. Qxe4 Ra4 36. Rc4 Rxc4 37. Bxc4 Rd8 38. g6 Rxd4 39. gxf7+ Qxf7 40. Qe2
Rd6 41. Rd3 Rb6 42. Rd8+ Bf8 1-0

[Event "Montcalm V 2015-16"]
[Site "Quebec CAN"]
[Date "2016.03.10"]
[Round "4"]
[White "Pare, Marc"]
[Black "Cummins, Paul"]
[Result "1-0"]
[WhiteElo "1703"]
[BlackElo "1805"]
[PlyCount "87"]
[EventDate "2016.02.18"]
[EventType "swiss"]
[EventRounds "5"]
[EventCountry "CAN"]

1. e4 c5 2. c3 Nf6 3. e5 Nd5 4. d4 cxd4 5. Qxd4 e6 6. Bc4 Nc6 7. Qe4 Nb6 8. Bb3
d5 9. Qe2 Be7 10. Nf3 d4 11. O-O dxc3 12. Nxc3 a6 13. Bf4 Nd7 14. Rfd1 Qc7 15.
Rac1 Nc5 16. Bc2 O-O 17. a3 Rd8 18. b4 Rxd1+ 19. Nxd1 Nd7 20. Qe4 Nf8 21. Bb1
Bd7 22. Ne3 Rd8 23. Nc4 Qb8 24. h4 b5 25. Ncd2 Rc8 26. Rd1 Nd8 27. Ng5 Bc6 28.
Qd3 g6 29. h5 Nb7 30. Re1 Rd8 31. Qh3 Bxg5 32. Bxg5 Rd7 33. Nf3 Nd8 34. Bh6
Bxf3 35. Qxf3 f5 36. exf6 Rd5 37. Bxf8 Rxh5 38. Bc5 Kf7 39. g3 Nb7 40. Be7 Qc8
41. Rd1 a5 42. Be4 Nd8 43. Rxd8 Qc1+ 44. Qd1 1-0

[Event "Montcalm V 2015-16"]
[Site "Quebec CAN"]
[Date "2016.03.10"]
[Round "4"]
[White "Plante, Rejean"]
[Black "Lessard, Claude"]
[Result "1-0"]
[WhiteElo "2134"]
[BlackElo "1997"]
[PlyCount "67"]
[EventDate "2016.02.18"]
[EventType "swiss"]
[EventRounds "5"]
[EventCountry "CAN"]

1. Nf3 d5 2. c4 dxc4 3. Qa4+ Nc6 4. Qxc4 e5 5. Nc3 Be6 6. Qa4 Qd7 7. d3 Bc5 8.
e3 f6 9. Be2 Nb4 10. Qxd7+ Bxd7 11. O-O Ne7 12. a3 Nbd5 13. Bd2 O-O 14. Rac1
Nxc3 15. Bxc3 Bd6 16. d4 exd4 17. Nxd4 Rfe8 18. Rfd1 a6 19. Bc4+ Kf8 20. Be6
Bc6 21. Nxc6 Nxc6 22. Bd7 Red8 23. Bxc6 bxc6 24. h4 c5 25. g4 Ke7 26. f4 g6 27.
g5 fxg5 28. hxg5 Ke6 29. Kg2 Rd7 30. Kf3 Rf8 31. Rh1 Be7 32. Rxh7 Bxg5 33. Rxd7
Kxd7 34. Rg1 1-0

[Event "Montcalm V 2015-16"]
[Site "Quebec CAN"]
[Date "2016.03.10"]
[Round "4"]
[White "Sarra-Bournet, Marc"]
[Black "Gaulin, Gaetan"]
[Result "0-1"]
[WhiteElo "1898"]
[BlackElo "1995"]
[PlyCount "96"]
[EventDate "2016.02.18"]
[EventType "swiss"]
[EventRounds "5"]
[EventCountry "CAN"]

1. e4 c5 2. Nc3 Nc6 3. f4 d6 4. Nf3 g6 5. Bc4 Bg7 6. d3 e6 7. f5 exf5 8. O-O
Nge7 9. Bg5 h6 10. Bxe7 Nxe7 11. Qe1 O-O 12. Qg3 a6 13. exf5 d5 14. fxg6 dxc4
15. Ne4 Nxg6 16. c3 Bf5 17. Nxc5 Bxd3 18. Rad1 Qd5 19. Nxd3 cxd3 20. h4 Rad8
21. a3 Rfe8 22. Rf2 Re3 23. Rfd2 Rde8 24. h5 Ne5 25. Rf1 Nxf3+ 26. gxf3 R8e5
27. Rg2 Rg5 28. Qb8+ Kh7 29. Qf4 Re2 30. Rxg5 Qxg5+ 31. Qxg5 hxg5 32. Rd1 Rxb2
33. Rxd3 Kh6 34. Rd7 f5 35. c4 b6 36. Rd3 Kxh5 37. Rd5 f4 38. Rd7 Bf8 39. Rd3
Ra2 40. Rb3 Rxa3 41. Rb2 Rxf3 42. Rh2+ Kg4 43. Rh8 Bc5+ 44. Kg2 Rc3 45. Rh7 f3+
46. Kh2 Rc2+ 47. Kh1 Rc1+ 48. Kh2 Bd6# 0-1

[Event "Montcalm V 2015-16"]
[Site "Quebec CAN"]
[Date "2016.03.17"]
[Round "5"]
[White "Auger, Bertrand"]
[Black "Pare, Marc"]
[Result "0-1"]
[WhiteElo "1921"]
[BlackElo "1703"]
[PlyCount "78"]
[EventDate "2016.02.18"]
[EventType "swiss"]
[EventRounds "5"]
[EventCountry "CAN"]

1. Nf3 d5 2. g3 Nf6 3. Bg2 e6 4. O-O Be7 5. c4 O-O 6. d4 b6 7. Ne5 Bb7 8. Qa4
Ne4 9. Nc3 Nxc3 10. bxc3 f6 11. Ng4 Bc6 12. Qc2 dxc4 13. e4 Qd7 14. a4 Bb7 15.
Rd1 Nc6 16. Bh3 Na5 17. d5 Qe8 18. Ne3 e5 19. Be6+ Kh8 20. Qe2 Bc5 21. Nf5 Rd8
22. h4 g6 23. Nh6 Bc8 24. Bxc8 Rxc8 25. Be3 Bxe3 26. Qxe3 Nb3 27. Ra2 Nc5 28.
a5 Nd3 29. axb6 axb6 30. Ra7 Qd8 31. h5 f5 32. hxg6 hxg6 33. exf5 gxf5 34. Kg2
f4 35. Qf3 Qg5 36. Rh1 Kg7 37. d6 fxg3 38. Qxg3 Rxf2+ 39. Kh3 Nf4+ 0-1

[Event "Montcalm V 2015-16"]
[Site "Quebec CAN"]
[Date "2016.03.17"]
[Round "5"]
[White "Bahadi, Khalid"]
[Black "Cummins, Paul"]
[Result "1-0"]
[WhiteElo "1900"]
[BlackElo "1805"]
[PlyCount "100"]
[EventDate "2016.02.18"]
[EventType "swiss"]
[EventRounds "5"]
[EventCountry "CAN"]

1. e4 c5 2. Nf3 d6 3. d4 cxd4 4. Nxd4 Nf6 5. Nc3 a6 6. Bc4 e6 7. Bb3 Be7 8. Bg5
Nc6 9. O-O Qc7 10. Re1 Nxd4 11. Qxd4 Bd7 12. Rad1 Bc6 13. Bxf6 gxf6 14. Rd3 Rg8
15. Nd5 Bxd5 16. exd5 e5 17. Qh4 Qa5 18. Rc3 Rg6 19. Qxh7 Bf8 20. Re4 b5 21.
Qh3 Qd8 22. Rc6 Rh6 23. Qd3 f5 24. Re3 f4 25. Rf3 Qa5 26. c3 Be7 27. Qe4 Ra7
28. Rc8+ Bd8 29. Rxf4 Rc7 30. Rxc7 Qxc7 31. Rg4 Rh8 32. Qf5 a5 33. a4 b4 34.
Rc4 Qe7 35. cxb4 axb4 36. h3 Rh4 37. g3 Rh6 38. Rc8 Qd7 39. Qxd7+ Kxd7 40. Rb8
Rxh3 41. Rxb4 f5 42. Bd1 Rh6 43. Rc4 Bb6 44. b4 Rg6 45. a5 Bd4 46. Kg2 Rg8 47.
Ba4+ Kd8 48. b5 Rg6 49. b6 f4 50. Rxd4 exd4 1-0

[Event "Montcalm V 2015-16"]
[Site "Quebec CAN"]
[Date "2016.03.17"]
[Round "5"]
[White "Gaulin, Gaetan"]
[Black "Plante, Rejean"]
[Result "0-1"]
[WhiteElo "1995"]
[BlackElo "2134"]
[PlyCount "84"]
[EventDate "2016.02.18"]
[EventType "swiss"]
[EventRounds "5"]
[EventCountry "CAN"]

1. Nf3 Nf6 2. d4 g6 3. g3 Bg7 4. Bg2 c5 5. O-O O-O 6. c4 cxd4 7. Nxd4 Nc6 8.
Nc3 Qa5 9. Nxc6 dxc6 10. e4 Rd8 11. Qe2 Bg4 12. f3 Be6 13. Rd1 Qb4 14. Bf1 Nd7
15. Be3 Ne5 16. Qf2 b6 17. c5 b5 18. Rxd8+ Rxd8 19. Rd1 Rxd1 20. Nxd1 Bxa2 21.
Kg2 Bc4 22. Bxc4 Qxc4 23. Qd2 h5 24. Nf2 Qe6 25. Qc2 Nc4 26. Bc1 a5 27. b3 Ne5
28. Bd2 b4 29. Nd3 Qd7 30. Nxe5 Bxe5 31. Be1 Qd4 32. Bf2 Qb2 33. Qd1 Bc3 34. h4
e5 35. Kf1 a4 36. bxa4 b3 37. Qd8+ Kg7 38. g4 Qc1+ 39. Kg2 b2 40. g5 b1=Q 41.
Qf6+ Kg8 42. Qd8+ Kh7 0-1

[Event "Montcalm V 2015-16"]
[Site "Quebec CAN"]
[Date "2016.03.17"]
[Round "5"]
[White "Sarra-Bournet, Marc"]
[Black "Cournoyer, Dominic"]
[Result "0-1"]
[WhiteElo "1898"]
[BlackElo "2026"]
[PlyCount "192"]
[EventDate "2016.02.18"]
[EventType "swiss"]
[EventRounds "5"]
[EventCountry "CAN"]

1. e4 d5 2. exd5 Nf6 3. d4 Nxd5 4. c4 Nf6 5. Nc3 e5 6. dxe5 Qxd1+ 7. Kxd1 Ng4
8. Be3 Nxe3+ 9. fxe3 Na6 10. Nf3 Bg4 11. Be2 O-O-O+ 12. Ke1 Nb4 13. Rd1 Bc5 14.
Nd4 Bxe2 15. Kxe2 Rhe8 16. Nf3 f6 17. Rxd8+ Kxd8 18. Rd1+ Kc8 19. a3 Nc6 20. b4
Be7 21. exf6 Bxf6 22. Nd5 Bb2 23. Rd3 g6 24. Rb3 Bg7 25. h3 Nd8 26. Rd3 Ne6 27.
Kf2 Bb2 28. g3 c6 29. Nf4 Ng7 30. Ng5 h6 31. Nf7 Rf8 32. Nd6+ Kc7 33. Kg2 g5
34. Ne2 Rd8 35. c5 Be5 36. Nc3 Bxd6 37. cxd6+ Rxd6 38. Rxd6 Kxd6 39. Kf3 Ke5
40. Kg4 b6 41. h4 gxh4 42. gxh4 c5 43. bxc5 bxc5 44. Kf3 c4 45. e4 a6 46. Ke3
Ne6 47. Na4 Nf4 48. Kf3 h5 49. Nc5 Ng6 50. Nxa6 Nxh4+ 51. Kg3 Ng6 52. Kf3 h4
53. Nb4 c3 54. Nc6+ Kd6 55. Nb4 Kc5 56. Nc2 Kc4 57. a4 Kb3 58. a5 Kxc2 59. a6
Ne5+ 60. Ke2 Nc6 61. e5 Kb2 62. e6 c2 63. a7 Nxa7 64. e7 c1=Q 65. e8=Q Qc4+ 66.
Kf2 Nb5 67. Kg2 Qg4+ 68. Kh1 Nc3 69. Qb8+ Kc2 70. Kh2 Kd3 71. Qd6+ Ke2 72. Qe5+
Ne4 73. Qb2+ Nd2 74. Qb5+ Kf2 75. Qc5+ Kf1 76. Qf8+ Qf3 77. Qg7 Qf4+ 78. Kh3
Nf3 79. Qg2+ Ke1 80. Qf1+ Kd2 81. Qf2+ Kd3 82. Kg2 Qg4+ 83. Kf1 h3 84. Qe2+ Kd4
85. Qf2+ Ke4 86. Qe2+ Kf4 87. Qe3+ Kf5 88. Qc5+ Ne5 89. Qf8+ Kg5 90. Qg7+ Kf4
91. Qf8+ Qf5 92. Qh6+ Kg3+ 93. Ke1 h2 94. Qg7+ Ng4 95. Qc3+ Qf3 96. Qc7+ Kg2
0-1

[Event "Montcalm V 2015-16"]
[Site "Quebec CAN"]
[Date "2016.03.17"]
[Round "5"]
[White "Stoyanova, Stela"]
[Black "Ripoll, Arthur"]
[Result "1/2-1/2"]
[WhiteElo "1453"]
[BlackElo "1652"]
[PlyCount "104"]
[EventDate "2016.02.18"]
[EventType "swiss"]
[EventRounds "5"]
[EventCountry "CAN"]

1. Nf3 Nf6 2. c4 c6 3. g3 e6 4. d3 d5 5. cxd5 exd5 6. Bg2 Bc5 7. d4 Bd6 8. O-O
O-O 9. Nc3 Bg4 10. Ne5 Bf5 11. f3 Bxe5 12. dxe5 Nfd7 13. e4 dxe4 14. fxe4 Be6
15. Qh5 Qa5 16. Bf4 Qb6+ 17. Kh1 Qxb2 18. Nd5 cxd5 19. exd5 g6 20. Qg5 Bf5 21.
Rae1 f6 22. Qh6 Nxe5 23. Bxe5 fxe5 24. g4 Qb6 25. Rxe5 Qf6 26. Re6 Qg7 27.
Qxg7+ Kxg7 28. gxf5 gxf5 29. d6 Nc6 30. Bxc6 bxc6 31. Kg1 Kf7 32. Re7+ Kf6 33.
Rxh7 Rfd8 34. Rh6+ Ke5 35. Re1+ Kd5 36. d7 c5 37. Rf6 a5 38. Rxf5+ Kc6 39. Rc1
Kxd7 40. Rcxc5 a4 41. Ra5 Ke6 42. Rxa8 Rxa8 43. Rf2 Ke5 44. Kg2 Rg8+ 45. Kf3
Rh8 46. Re2+ Kf5 47. Ke3 Ke5 48. Kd3+ Kd5 49. Kc3 Kc5 50. Rg2 Rh3+ 51. Kb2 Kc4
52. Rg4+ Kb5 1/2-1/2

[Event "Montcalm VI 2015-16"]
[Site "Quebec CAN"]
[Date "2016.03.24"]
[Round "1"]
[White "Cournoyer, Dominic"]
[Black "Dube, Dominic"]
[Result "1/2-1/2"]
[WhiteElo "1980"]
[BlackElo "1839"]
[PlyCount "97"]
[EventDate "2016.03.24"]
[EventType "swiss"]
[EventRounds "5"]
[EventCountry "CAN"]

1. c4 e5 2. Nc3 Nf6 3. Nf3 Nc6 4. d4 exd4 5. Nxd4 Nxd4 6. Qxd4 Be7 7. g3 c6 8.
Bg2 O-O 9. O-O b6 10. Nb5 Bc5 11. Qf4 d5 12. Nd4 Bb7 13. Nb3 Bd6 14. Qh4 dxc4
15. Qxc4 Qc7 16. Nd4 Rac8 17. Bg5 Nd7 18. Nf5 Ne5 19. Qc3 f6 20. Bf4 Rfe8 21.
Nxd6 Qxd6 22. Qb3+ Kh8 23. Rfd1 Qc7 24. Rd2 Re7 25. Rad1 Rce8 26. Qc3 Qc8 27.
Bxe5 Rxe5 28. e3 c5 29. Bxb7 Qxb7 30. Rd8 Qc6 31. R1d6 Qa4 32. b3 Qe4 33. Qd3
Kg8 34. Rxe8+ Rxe8 35. Qxe4 Rxe4 36. Rd7 a5 37. Kf1 Kf8 38. Ke2 a4 39. Kd3 Rb4
40. Kc3 axb3 41. axb3 h6 42. Ra7 Re4 43. Rb7 Rb4 44. f3 h5 45. Rc7 h4 46. g4 g5
47. Rb7 Ke8 48. Rg7 Kf8 49. Rb7 1/2-1/2

[Event "Montcalm VI 2015-16"]
[Site "Quebec CAN"]
[Date "2016.03.24"]
[Round "1"]
[White "Dube, Daniel"]
[Black "Leblanc-Legault, Mathieu"]
[Result "1-0"]
[WhiteElo "1831"]
[BlackElo "1632"]
[PlyCount "63"]
[EventDate "2016.03.24"]
[EventType "swiss"]
[EventRounds "5"]
[EventCountry "CAN"]

1. Nf3 a6 2. b3 e6 3. Bb2 d5 4. e3 c5 5. Be2 Nc6 6. O-O Nf6 7. d4 Be7 8. Nbd2
O-O 9. a3 cxd4 10. exd4 b5 11. Bd3 Bb7 12. Re1 Rc8 13. Ne5 Nxe5 14. dxe5 Ne4
15. b4 Nxd2 16. Qxd2 Qb6 17. Bd4 Qc6 18. Qe2 Rfe8 19. Qh5 g6 20. Qg4 Kg7 21. h4
f5 22. exf6+ Bxf6 23. Bxf6+ Kxf6 24. Qg5+ Kf7 25. Re3 Qd7 26. h5 Kg8 27. hxg6
hxg6 28. Rae1 d4 29. Rg3 Re7 30. Qxg6+ Rg7 31. Qh7+ Kf8 32. Qh8+ 1-0

[Event "Montcalm VI 2015-16"]
[Site "Quebec CAN"]
[Date "2016.03.24"]
[Round "1"]
[White "Dumont, Eric"]
[Black "Sarra-Bournet, Marc"]
[Result "0-1"]
[WhiteElo "1675"]
[BlackElo "1891"]
[PlyCount "70"]
[EventDate "2016.03.24"]
[EventType "swiss"]
[EventRounds "5"]
[EventCountry "CAN"]

1. d4 d5 2. Bf4 Nf6 3. e3 e6 4. Nf3 Bd6 5. Ne5 O-O 6. Bd3 c5 7. c3 cxd4 8. exd4
b6 9. Nd2 Qc7 10. O-O Nc6 11. Ndf3 Ne4 12. Bg3 Nxg3 13. fxg3 Nxe5 14. Nxe5 Bxe5
15. Qh5 f5 16. dxe5 Qxe5 17. Rae1 Qd6 18. g4 g6 19. Qh4 Bd7 20. gxf5 gxf5 21.
Qg5+ Kh8 22. Rf3 Rf7 23. Rh3 Raf8 24. Rh6 Rg7 25. Qh4 Bc8 26. Be2 Qc5+ 27. Kf1
Qe3 28. Bb5 Qd2 29. Re2 Qc1+ 30. Kf2 f4 31. Bd3 Rxg2+ 32. Kxg2 f3+ 33. Kf2
fxe2+ 34. Kxe2 Qf1+ 35. Ke3 Rf3+ 0-1

[Event "Montcalm VI 2015-16"]
[Site "Quebec CAN"]
[Date "2016.03.24"]
[Round "1"]
[White "Fecteau, Martin"]
[Black "Auger, Bertrand"]
[Result "0-1"]
[WhiteElo "1886"]
[BlackElo "1903"]
[PlyCount "120"]
[EventDate "2016.03.24"]
[EventType "swiss"]
[EventRounds "5"]
[EventCountry "CAN"]

1. Nf3 Nf6 2. c4 c5 3. Nc3 Nc6 4. g3 d5 5. cxd5 Nxd5 6. Bg2 g6 7. d3 Bg7 8. Bd2
O-O 9. O-O Nc7 10. Na4 b6 11. Bc3 e5 12. Nxe5 Nxe5 13. Bxa8 Nxa8 14. Qc2 Nc7
15. b3 Ne6 16. Bb2 Bb7 17. Rac1 Qd7 18. f3 Nd4 19. Qd1 Qh3 20. e4 f5 21. Bxd4
cxd4 22. Qe2 Bh6 23. f4 fxe4 24. dxe4 d3 25. Qb2 Bxe4 26. Rce1 Nf3+ 27. Rxf3
Bxf3 28. Qf2 Bd5 29. Rd1 Re8 30. Qf1 Qxf1+ 31. Kxf1 Bc6 32. Nb2 Re2 33. Nxd3
Rxa2 34. Nb4 Bb5+ 35. Kg1 Rb2 36. Nd5 Bf8 37. Nf6+ Kf7 38. Ne4 Bc5+ 39. Nxc5
bxc5 40. Rc1 Rxb3 41. Rxc5 a5 42. Rc7+ Kg8 43. Kg2 Rb2+ 44. Kh3 a4 45. Ra7 Rd2
46. g4 h6 47. Kg3 Rd7 48. Ra5 Rd3+ 49. Kf2 Bd7 50. Ke2 Rh3 51. Ra7 Bxg4+ 52.
Kf2 a3 53. Kg2 Rb3 54. Kf2 Bf5 55. Ke2 Rb2+ 56. Ke3 Rxh2 57. Kd4 a2 58. Ke5
Re2+ 59. Kd6 h5 60. Kd5 h4 0-1